[Event "Division Honor Aragonesa Grupo A "]
[Site "Aragon"]
[Date "2017.03.04"]
[Round "6.6"]
[White "Ramon Perez, Jose Luis"]
[Black "Ramiro Ovejero, Juan Luis"]
[Result "1/2-1/2"]
[WhiteElo "2256"]
[BlackElo "2386"]
[PlyCount "132"]
[EventDate "2017.01.28"]
[WhiteTeam "Agrupacion"]
[BlackTeam "Jaime Casas"]

1. e4 c5 2. Nf3 e6 3. d4 cxd4 4. Nxd4 a6 5. Nc3 b5 6. Bd3 Qb6 7. Nb3 Qc7 8. Qg4
Nf6 9. Qg3 Qxg3 10. hxg3 Nc6 11. f3 d6 12. g4 Bb7 13. Bd2 Nd7 14. a4 b4 15. Na2
d5 16. exd5 exd5 17. O-O-O Be7 18. f4 Nc5 19. Nxc5 Bxc5 20. c3 b3 21. Nb4 Ne7
22. Rde1 Kd8 23. Be2 Bxb4 24. cxb4 d4 25. b5 Rc8+ 26. Kb1 Be4+ 27. Ka1 d3 28.
Ba5+ Ke8 29. Bf3 Bxf3 30. gxf3 Rc4 31. Re4 axb5 32. axb5 Rxe4 33. fxe4 Kd7 34.
Kb1 Ng6 35. Bd2 Ke7 36. Rc1 h5 37. Rc7+ Kd6 38. Rc3 hxg4 39. Rxd3+ Kc5 40. Rxb3
Rh3 41. Be3+ Kc4 42. Ka2 Nf8 43. b6 Nd7 44. b7 Rf3 45. Rc3+ Kb5 46. Ba7 Rxc3
47. bxc3 Kc4 48. Kb2 Kd3 49. b8=Q Nxb8 50. Bxb8 Kxe4 51. Kc2 g3 52. Kd2 g2 53.
Ba7 Kxf4 54. Ke2 Ke4 55. Kf2 g5 56. Kxg2 f5 57. Kf2 f4 58. Kg2 g4 59. c4 Ke5
60. Kf2 Ke4 61. Bb6 Ke5 62. Ke2 Ke4 63. c5 Kd5 64. Kd3 g3 65. Ke2 g2 66. Kf2 f3
1/2-1/2

[Event "Division Honor Aragonesa Grupo A "]
[Site "Aragon"]
[Date "2017.03.04"]
[Round "6.8"]
[White "Carruez Berges, Santiago"]
[Black "Fontana Sotomayor, Luis Javier"]
[Result "1-0"]
[WhiteElo "2030"]
[BlackElo "2251"]
[PlyCount "79"]
[EventDate "2017.01.28"]
[WhiteTeam "Agrupacion"]
[BlackTeam "Jaime Casas"]

1. e4 Nf6 2. e5 Nd5 3. d4 d6 4. Nf3 Bg4 5. h3 Bxf3 6. Qxf3 dxe5 7. dxe5 e6 8.
Bd3 Nd7 9. Qg3 Nb4 10. O-O Nxd3 11. Qxd3 c6 12. Bf4 Nc5 13. Qe2 Qd4 14. Bc1 Qe4
15. Re1 Qxe2 16. Rxe2 O-O-O 17. Nc3 Be7 18. Be3 Nd7 19. f4 Nb6 20. b3 f5 21. a4
Kb8 22. Kf2 Nd5 23. Nxd5 Rxd5 24. Rd2 Rxd2+ 25. Bxd2 Rd8 26. Be3 Bb4 27. Ke2
Bc3 28. Rg1 g5 29. g4 gxf4 30. Bxf4 Rd5 31. gxf5 Rd7 32. fxe6 Re7 33. Kd3 Bb4
34. Ke4 Rxe6 35. Kf5 Re8 36. e6+ Kc8 37. Rg7 Be7 38. Rxh7 Rf8+ 39. Rf7 Re8 40.
Be5 1-0

[Event "Division Honor Aragonesa Grupo A "]
[Site "Aragon"]
[Date "2017.03.04"]
[Round "6.9"]
[White "Moreno Gracia, Daniel"]
[Black "Villuendas Valero, Adrian"]
[Result "1/2-1/2"]
[WhiteElo "2318"]
[BlackElo "2311"]
[PlyCount "96"]
[EventDate "2017.01.28"]
[WhiteTeam "L'Aurora Estadilla"]
[BlackTeam "St. Casablanca B"]

1. d4 Nf6 2. Nf3 c5 3. e3 g6 4. dxc5 Qa5+ 5. Nbd2 Qxc5 6. a3 Bg7 7. b4 Qc7 8.
Bb2 O-O 9. c4 d6 10. Bd3 Nc6 11. O-O a5 12. Qb3 Be6 13. Ng5 Bd7 14. Rfc1 e5 15.
c5 axb4 16. axb4 Rxa1 17. Rxa1 d5 18. e4 dxe4 19. Ndxe4 Nxe4 20. Bxe4 Nd4 21.
Bxd4 exd4 22. Bd5 Qf4 23. Nf3 Bc6 24. b5 Bxd5 25. Qxd5 Qb8 26. Rd1 Rd8 27. Qc4
Qc7 28. Ne1 Qa5 29. Nd3 Bh6 30. Ne5 Qc7 31. Rxd4 Ra8 32. f4 Bxf4 33. Rxf4 Qxe5
34. Qxf7+ Kh8 35. Qf6+ Qxf6 36. Rxf6 Ra1+ 37. Rf1 Ra5 38. Rb1 Kg7 39. Kf2 Kf6
40. c6 bxc6 41. b6 Ra8 42. Rc1 Ra2+ 43. Kf3 Rb2 44. Rxc6+ Ke5 45. h4 Rb4 46. h5
gxh5 47. Rh6 Rb3+ 48. Kf2 Kf4 1/2-1/2

[Event "Division Honor Aragonesa Grupo A "]
[Site "Aragon"]
[Date "2017.03.04"]
[Round "6.10"]
[White "Gimenez Martinez, Alberto"]
[Black "Solano Lasierra, Javier"]
[Result "1-0"]
[WhiteElo "2204"]
[BlackElo "2171"]
[PlyCount "153"]
[EventDate "2017.01.28"]
[WhiteTeam "St. Casablanca B"]
[BlackTeam "L'Aurora Estadilla"]

1. e4 e6 2. d4 d5 3. e5 c5 4. c3 Nc6 5. Nf3 Bd7 6. a3 Nge7 7. b4 cxd4 8. cxd4
Nc8 9. Bd3 Be7 10. O-O Nb6 11. Nbd2 Rc8 12. Bb2 O-O 13. Rc1 a6 14. Nb3 Nc4 15.
Bxc4 dxc4 16. Rxc4 Na7 17. Rxc8 Qxc8 18. d5 exd5 19. Qxd5 Bc6 20. Qd1 Rd8 21.
Nbd4 Qg4 22. h3 Qd7 23. Qc2 Bd5 24. Rc1 Nc6 25. Nxc6 Bxc6 26. Nd4 Bd5 27. Qc7
h6 28. Qxd7 Rxd7 29. f3 Bg5 30. Rc8+ Rd8 31. Rxd8+ Bxd8 32. Nf5 Kf8 33. Bd4 Be7
34. Kf2 Be6 35. g4 h5 36. Bc5 Bxc5+ 37. bxc5 hxg4 38. hxg4 g6 39. Nd6 Bd5 40.
Ke3 Ke7 41. Ne4 Ke6 42. f4 Bc6 43. Kd4 Bd7 44. Nd6 Bc6 45. f5+ gxf5 46. gxf5+
Ke7 47. Nc8+ Kd8 48. Nb6 Ke7 49. Nd5+ Kd7 50. Nf4 Ke7 51. Ke3 Kd7 52. Ne2 Ke7
53. Kf4 Bd5 54. Nd4 Bc4 55. Nc2 Bd5 56. Ke3 Bb3 57. Nb4 Bc4 58. Kd4 Bf1 59. c6
bxc6 60. Nxc6+ Kd7 61. Kc5 Bd3 62. Nd4 Kc7 63. a4 Be4 64. a5 Bd3 65. e6 fxe6
66. Nxe6+ Kd7 67. Nd4 Kc7 68. f6 Kd7 69. Kd5 Bg6 70. Kc5 Bd3 71. Kd5 Bg6 72.
Nc6 Bf7+ 73. Kc5 Bh5 74. f7 Bxf7 75. Ne5+ Kc7 76. Nxf7 Kb7 77. Kd6 1-0

[Event "Division Honor Aragonesa Grupo A "]
[Site "Aragon"]
[Date "2017.03.04"]
[Round "6.11"]
[White "Pellicer Cerezuela, Miguel"]
[Black "Arregui Untoria, Carlos"]
[Result "1/2-1/2"]
[WhiteElo "2023"]
[BlackElo "2075"]
[PlyCount "189"]
[EventDate "2017.01.28"]
[WhiteTeam "L'Aurora Estadilla"]
[BlackTeam "St. Casablanca B"]

1. d4 d5 2. c4 Bf5 3. Nc3 e6 4. cxd5 exd5 5. Qb3 Nc6 6. Bf4 Bb4 7. e3 a6 8. a3
Bxc3+ 9. bxc3 Na5 10. Qa4+ c6 11. Nf3 h6 12. Be2 Nf6 13. O-O O-O 14. Qb4 b5 15.
Ne5 g5 16. Bg3 Ne4 17. h3 f6 18. Nd3 Nc4 19. Bh2 a5 20. Qb3 Ned2 21. Qa2 Nxf1
22. Bxf1 a4 23. Nc5 Qa5 24. Rc1 Ra7 25. Bxc4 bxc4 26. Qe2 Raf7 27. Qf3 Bg6 28.
Qg3 Kh7 29. Qd6 Rc8 30. Qe6 Qd8 31. Nxa4 Qe8 32. Qd6 Qe7 33. Nb6 Qxd6 34. Bxd6
Rd8 35. Bb4 Rb8 36. Na4 f5 37. Nc5 f4 38. exf4 gxf4 39. Re1 Rg8 40. a4 Bf5 41.
Kh2 Rfg7 42. Rg1 Rg5 43. g3 fxg3+ 44. fxg3 Re8 45. Rg2 Re1 46. g4 Bd3 47. Kg3
Re3+ 48. Kh2 Rg7 49. Rf2 h5 50. Rf4 h4 51. Kg2 Rg3+ 52. Kh2 Bc2 53. Ne6 Be4 54.
Rf2 Ra7 55. a5 Kg6 56. Nd8 Kg7 57. Bf8+ Kg8 58. Bd6 Rf3 59. Rxf3 Bxf3 60. Bb4
Be4 61. Kg1 Ra6 62. Kf2 Kh7 63. Ne6 c5 64. Nxc5 Rf6+ 65. Ke2 Bf3+ 66. Ke3 Bg2
67. a6 Rf1 68. Nb7 Rf6 69. Bd6 Rf3+ 70. Ke2 Rxc3 71. a7 Rc2+ 72. Ke3 Ra2 73.
Bc5 c3 74. Bb6 c2 75. Kd2 Be4 76. Na5 Ra1 77. Nb3 Rd1+ 78. Kc3 c1=Q+ 79. Nxc1
Rxc1+ 80. Kb4 Rc8 81. Ka5 Bd3 82. Bc7 Ra8 83. Kb6 Bb5 84. Bb8 Bf1 85. Bd6 Bxh3
86. Be7 Bxg4 87. Bxh4 Bc8 88. Bg3 Kg6 89. Bb8 Kf5 90. Kc7 Ba6 91. Kb6 Bc4 92.
Kb7 Bb5 93. Be5 Bc6+ 94. Kxc6 Rxa7 95. Kxd5 1/2-1/2

[Event "Division Honor Aragonesa Grupo A "]
[Site "Aragon"]
[Date "2017.03.04"]
[Round "6.12"]
[White "Bellosta Lopez, Pablo"]
[Black "Felez Casedas, Carlos"]
[Result "0-1"]
[WhiteElo "2066"]
[BlackElo "2003"]
[PlyCount "132"]
[EventDate "2017.01.28"]
[WhiteTeam "St. Casablanca B"]
[BlackTeam "L'Aurora Estadilla"]

1. c4 e6 2. g3 d5 3. Bg2 Nf6 4. Nf3 Be7 5. O-O O-O 6. b3 c5 7. d3 Nc6 8. Nbd2
b6 9. e4 dxe4 10. dxe4 Bb7 11. Bb2 Qc7 12. Qe2 Rfd8 13. Rfd1 a5 14. e5 Nd7 15.
Nb1 Nf8 16. Na3 Na7 17. h4 Rxd1+ 18. Rxd1 Rd8 19. Nb1 Rxd1+ 20. Qxd1 Qd7 21.
Qe2 a4 22. Nc3 axb3 23. axb3 Nc6 24. Nb5 Nb4 25. Nd2 Bxg2 26. Kxg2 Qd3 27. Qxd3
Nxd3 28. Bc3 f6 29. exf6 Bxf6 30. Kf3 Nd7 31. Ke2 N3e5 32. Ne4 Nc6 33. Nxf6+
gxf6 34. Kd3 Kf7 35. f4 h5 36. Ke4 Ne7 37. Nd6+ Kg6 38. Bd2 f5+ 39. Kd3 Nc6 40.
Bc3 Nd8 41. b4 Nf7 42. Nc8 Nd8 43. Bd2 Kf6 44. Be3 Nb7 45. Kc3 e5 46. Bd2 e4
47. Be3 Ke6 48. Kb3 Nd6 49. Na7 Nb7 50. Ka4 Nf6 51. Nc8 Nd6 52. Nxd6 Kxd6 53.
Kb5 cxb4 54. Bxb6 b3 55. Bd4 e3 56. Bxf6 e2 57. Be5+ Kd7 58. Bc3 b2 59. Bxb2
e1=Q 60. Bf6 Qb1+ 61. Kc5 Qb3 62. Kd5 Qd3+ 63. Kc5 Qxg3 64. Bg5 Qf2+ 65. Kd5
Qe3 66. Bh6 Qe6+ 0-1

[Event "Division Honor Aragonesa Grupo A "]
[Site "Aragon"]
[Date "2017.03.04"]
[Round "6.13"]
[White "Gavin Roche, Enrique"]
[Black "Hinojar Basa, Alfonso"]
[Result "0-1"]
[WhiteElo "2261"]
[BlackElo "2175"]
[PlyCount "103"]
[EventDate "2017.01.28"]
[WhiteTeam "ONCE C.A. Aragon"]
[BlackTeam "Marcos Frechin"]

1. d4 e6 2. c4 Nf6 3. g3 Bb4+ 4. Bd2 Qe7 5. Bg2 Nc6 6. Nf3 Bxd2+ 7. Nbxd2 d6 8.
b4 Nxb4 9. Qa4+ Nc6 10. d5 exd5 11. cxd5 Nxd5 12. Qb5 Nb6 13. a4 a6 14. Qh5 h6
15. Nh4 Nd4 16. O-O Qg5 17. Qxg5 hxg5 18. Nhf3 Ne6 19. a5 Nd7 20. Nc4 Ndc5 21.
e3 Bd7 22. Nd4 Bb5 23. Bd5 Bxc4 24. Bxc4 O-O-O 25. Ra2 d5 26. Nxe6 fxe6 27. Be2
Ne4 28. Rc1 c6 29. Rb2 Nd6 30. Rb6 Kd7 31. Rb4 Ke7 32. e4 Nb5 33. e5 d4 34. Bd3
Rd5 35. Re1 Rc5 36. Re4 Rd8 37. Kg2 Rc3 38. Bxb5 axb5 39. Rbxd4 Rxd4 40. Rxd4
Ra3 41. Rg4 Rxa5 42. Rxg5 Kf7 43. Kf3 b4 44. Ke3 Rb5 45. Rg4 c5 46. Rh4 Kg8 47.
Rc4 b6 48. Rc1 b3 49. f4 c4 50. Rb1 c3 51. f5 exf5 52. e6 0-1

[Event "Division Honor Aragonesa Grupo A "]
[Site "Aragon"]
[Date "2017.03.04"]
[Round "6.14"]
[White "Sancho Cortes, Miguel Angel"]
[Black "Laliena Solanes, Luis"]
[Result "1/2-1/2"]
[WhiteElo "2063"]
[BlackElo "2179"]
[PlyCount "143"]
[EventDate "2017.01.28"]
[WhiteTeam "Marcos Frechin"]
[BlackTeam "ONCE C.A. Aragon"]

1. e4 c6 2. d4 d5 3. Nc3 dxe4 4. Nxe4 Bf5 5. Nc5 e5 6. Nxb7 Qb6 7. Nc5 exd4 8.
Nb3 Bb4+ 9. Bd2 Ne7 10. Bd3 O-O 11. Nf3 c5 12. O-O Bxd2 13. Nfxd2 Nd7 14. Re1
Bxd3 15. cxd3 Nd5 16. Qf3 Nb4 17. Re7 Rad8 18. Qf5 Qg6 19. Qxg6 fxg6 20. Rxd7
Rxd7 21. Nxc5 Re7 22. a3 Nd5 23. Nde4 a5 24. Rc1 Nf4 25. Rd1 Rb8 26. b3 Ne6 27.
g3 Nxc5 28. Nxc5 Rb5 29. b4 axb4 30. axb4 Rxb4 31. Ra1 Rc7 32. Ne6 Rc3 33. Ra8+
Kf7 34. Ng5+ Ke7 35. Ne4 Rxd3 36. Ra7+ Kd8 37. Ra8+ Kc7 38. Nc5 Rd1+ 39. Kg2
Rb5 40. Ne6+ Kd6 41. Nf4 g5 42. Ne2 Rb3 43. Rd8+ Kc5 44. Nc1 Rxc1 45. Rc8+ Kb4
46. Rxc1 d3 47. Kf1 Rb2 48. Ra1 Kc3 49. Ke1 Kc2 50. h3 d2+ 51. Ke2 Rb7 52. Ra2+
Kc1 53. Ra1+ Kc2 54. Ra2+ Kc1 55. Ra1+ Kb2 56. Ra8 Rd7 57. Rb8+ Kc3 58. Rc8+
Kb4 59. Rb8+ Kc4 60. Rc8+ Kb5 61. Rb8+ Kc6 62. Rb1 Kc5 63. Rd1 Kc4 64. Rxd2
Rxd2+ 65. Kxd2 Kd4 66. f3 h5 67. Ke2 h4 68. g4 Kd5 69. Kd3 Ke5 70. Ke3 g6 71.
Ke2 Kd4 72. Kd2 1/2-1/2

[Event "Division Honor Aragonesa Grupo A "]
[Site "Aragon"]
[Date "2017.03.04"]
[Round "6.15"]
[White "Latorre Abad, Fernando"]
[Black "Gaspar Calvo, Luis Alberto"]
[Result "1-0"]
[WhiteElo "2073"]
[BlackElo "1985"]
[PlyCount "71"]
[EventDate "2017.01.28"]
[WhiteTeam "ONCE C.A. Aragon"]
[BlackTeam "Marcos Frechin"]

1. e4 c5 2. Nf3 e6 3. d4 cxd4 4. Nxd4 a6 5. Bd3 Bc5 6. c3 Nc6 7. Be3 Qb6 8. Nd2
Qxb2 9. O-O Qxc3 10. Nxc6 Bxe3 11. fxe3 bxc6 12. Nc4 Nh6 13. Rb1 d5 14. Rb3
Qxb3 15. Qxb3 dxc4 16. Qxc4 O-O 17. Qxc6 Rb8 18. Rb1 Rxb1+ 19. Bxb1 Ng4 20. Qc7
f5 21. e5 Nxe3 22. Bd3 Nd5 23. Qd6 a5 24. Bc4 Nf4 25. g3 Nh3+ 26. Kf1 Ng5 27.
h4 Ne4 28. Bxe6+ Bxe6 29. Qxe6+ Kh8 30. Kg2 h6 31. Qd5 a4 32. g4 g6 33. e6 Rc8
34. gxf5 gxf5 35. e7 Rc2+ 36. Kf3 1-0

[Event "Division Honor Aragonesa Grupo A "]
[Site "Aragon"]
[Date "2017.03.04"]
[Round "6.16"]
[White "Ciriano Lamban, Alejandro"]
[Black "Fuertes Garay, Javier"]
[Result "1-0"]
[WhiteElo "2012"]
[BlackElo "2085"]
[PlyCount "92"]
[EventDate "2017.01.28"]
[WhiteTeam "Marcos Frechin"]
[BlackTeam "ONCE C.A. Aragon"]

1. e4 e5 2. Nf3 Nc6 3. Bc4 Bc5 4. c3 Nf6 5. d4 exd4 6. cxd4 Bb4+ 7. Nc3 Nxe4 8.
O-O Bxc3 9. d5 Bf6 10. Re1 Ne7 11. Rxe4 d6 12. Bg5 Bxg5 13. Nxg5 O-O 14. f4 Bf5
15. Re3 h6 16. Nf3 Ng6 17. Nd4 Bd7 18. Ne6 fxe6 19. dxe6 Kh8 20. exd7 Qxd7 21.
Be6 Qb5 22. f5 Qb6 23. Qd2 Rae8 24. Kh1 Ne5 25. Rb3 Qa6 26. Ra3 Qb5 27. Rb3 Qa4
28. Rh3 Rf6 29. Rc1 c6 30. Qxd6 Qf4 31. Qc5 Ng4 32. Kg1 Rd8 33. Rf1 Qd4+ 34.
Qxd4 Rxd4 35. Ra3 a6 36. Rb3 b5 37. Ra3 Rf8 38. h3 Nf6 39. Rxa6 Rd2 40. Rxc6
Rxb2 41. Rd1 b4 42. g4 Rb8 43. Bf7 Re2 44. Rcd6 h5 45. g5 Re7 46. Rd8+ Rxd8 1-0

[Event "Division Honor Aragonesa Grupo B"]
[Site "Aragon"]
[Date "2017.03.04"]
[Round "6.18"]
[White "Hernando Garcia, Antonio"]
[Black "Dominguez Bujeda, Jesus"]
[Result "0-1"]
[WhiteElo "2185"]
[BlackElo "2104"]
[PlyCount "88"]
[EventDate "2017.01.28"]
[WhiteTeam "El Olivar"]
[BlackTeam "Teruel"]

1. c4 e5 2. g3 Bc5 3. Nc3 a6 4. Nf3 d6 5. d3 Nc6 6. a3 Nge7 7. b4 Ba7 8. Rb1
Bg4 9. Bg2 Qd7 10. h3 Bf5 11. a4 Rb8 12. e4 Bg6 13. b5 axb5 14. axb5 Nd4 15.
Nxd4 Bxd4 16. Ne2 Bc5 17. Bb2 O-O 18. d4 exd4 19. Bxd4 Qe6 20. Bxc5 dxc5 21.
Qc2 f6 22. Nf4 Qe5 23. Nxg6 Nxg6 24. O-O Rfd8 25. Rfd1 Nf8 26. Rd5 Qe7 27. Rbd1
Ne6 28. Rxd8+ Rxd8 29. Rxd8+ Qxd8 30. Bf1 Nd4 31. Qd3 b6 32. Bg2 g6 33. h4 Qa8
34. f4 Qa1+ 35. Kf2 Qb2+ 36. Kg1 Qc1+ 37. Bf1 Qe1 38. Kg2 Kg7 39. Kg1 h6 40.
Kg2 g5 41. hxg5 hxg5 42. fxg5 fxg5 43. Kg1 Kf6 44. g4 Ke5 0-1

[Event "Division Honor Aragonesa Grupo B"]
[Site "Aragon"]
[Date "2017.03.04"]
[Round "6.19"]
[White "Martin Catalan, Juan Vicente"]
[Black "Melendez Fierro, Juan Bautista"]
[Result "0-1"]
[WhiteElo "2059"]
[BlackElo "2134"]
[PlyCount "70"]
[EventDate "2017.01.28"]
[WhiteTeam "Teruel"]
[BlackTeam "El Olivar"]

1. d4 Nf6 2. Bf4 g6 3. Nf3 Bg7 4. e3 d6 5. h3 O-O 6. Be2 Nbd7 7. O-O c5 8. c3
b6 9. Nbd2 Bb7 10. a4 a6 11. Qb3 h6 12. Bh2 Qc7 13. Rad1 Rab8 14. Nh4 Bd5 15.
Bc4 Bxc4 16. Qxc4 b5 17. axb5 axb5 18. Qb3 c4 19. Qc2 Rfe8 20. Ra1 Ra8 21. b3
e5 22. bxc4 bxc4 23. Ra4 Rxa4 24. Qxa4 Nb6 25. Qb5 exd4 26. exd4 Re2 27. Nhf3
Nfd5 28. Rb1 h5 29. Kf1 Re7 30. Qa5 Bh6 31. Re1 Rxe1+ 32. Kxe1 Qe7+ 33. Kd1
Bxd2 34. Nxd2 Qg5 35. Kc2 Ne3+ 0-1

[Event "Division Honor Aragonesa Grupo B"]
[Site "Aragon"]
[Date "2017.03.04"]
[Round "6.20"]
[White "Veras Sanz, Marino"]
[Black "Barcena Laguia, Francisco"]
[Result "1-0"]
[WhiteElo "2044"]
[BlackElo "1901"]
[PlyCount "95"]
[EventDate "2017.01.28"]
[WhiteTeam "El Olivar"]
[BlackTeam "Teruel"]

1. Nf3 c5 2. g3 g6 3. Bg2 Bg7 4. O-O Nc6 5. c4 e5 6. Nc3 d6 7. d3 Nge7 8. a3
O-O 9. Rb1 a5 10. Bd2 Bg4 11. h3 Be6 12. Nb5 Rb8 13. Ng5 Qd7 14. Nxe6 fxe6 15.
b4 axb4 16. axb4 b6 17. Qb3 Nd4 18. Nxd4 exd4 19. bxc5 dxc5 20. Qb5 Qc7 21. Ra1
Nf5 22. Qc6 Qxc6 23. Bxc6 Ne7 24. Bd7 e5 25. Ra7 Nc8 26. Ra6 e4 27. Rb1 exd3
28. exd3 Rf3 29. Bf4 Rxf4 30. gxf4 Ne7 31. Rbxb6 Rxb6 32. Rxb6 Bf8 33. Kg2 Kg7
34. Kf3 Ng8 35. Rb7 Ne7 36. Rc7 Ng8 37. Be6+ Ne7 38. Rxc5 Kf6 39. Bd5 Nf5 40.
Rc7 Be7 41. Be4 Ng7 42. Rc8 h5 43. Bd5 Nf5 44. c5 Nh4+ 45. Ke4 Nf5 46. Rc6+ Kg7
47. Be6 Nh4 48. Kxd4 1-0

[Event "Division Honor Aragonesa Grupo B"]
[Site "Aragon"]
[Date "2017.03.04"]
[Round "6.21"]
[White "Romero Pallares, Daniel"]
[Black "Cifuentes Parada, Roberto"]
[Result "0-1"]
[WhiteElo "2211"]
[BlackElo "2478"]
[PlyCount "92"]
[EventDate "2017.01.28"]
[WhiteTeam "Palacio de Pioneros"]
[BlackTeam "Jaque"]

1. e4 c5 2. Nf3 Nc6 3. c3 e6 4. d4 d5 5. exd5 Qxd5 6. Be3 Nf6 7. Be2 cxd4 8.
cxd4 Be7 9. Nc3 Qd8 10. O-O O-O 11. Rc1 Nb4 12. Ne5 Nbd5 13. Bd3 Bd7 14. Bb1
Rc8 15. Nxd5 Nxd5 16. Qd3 f5 17. Rxc8 Bxc8 18. a3 Qb6 19. b4 Rd8 20. Ba2 Bf6
21. Bxd5 Rxd5 22. Rc1 Qd8 23. f4 Bxe5 24. fxe5 Bd7 25. Qd2 Bc6 26. Rc5 h6 27.
h3 a6 28. Kh2 Kh7 29. Qc2 Qh4 30. Rxc6 bxc6 31. Qxc6 Qe4 32. Qxe6 f4 33. Bf2
Rd8 34. Qxa6 Ra8 35. Qf1 Rxa3 36. b5 Rb3 37. Bg1 Rb1 38. Qf2 Rxb5 39. e6 Rf5
40. Qa2 f3 41. gxf3 Rxf3 42. Qg2 Qf4+ 43. Kh1 Rg3 44. Qc2+ Rg6 45. e7 Qf3+ 46.
Kh2 Qg3+ 0-1

[Event "Division Honor Aragonesa Grupo B"]
[Site "Aragon"]
[Date "2017.03.04"]
[Round "6.22"]
[White "Gines Esteo, Pedro Antonio"]
[Black "Palacios Herrero, Pablo"]
[Result "1-0"]
[WhiteElo "2325"]
[BlackElo "2095"]
[PlyCount "81"]
[EventDate "2017.01.28"]
[WhiteTeam "Jaque"]
[BlackTeam "Palacio de Pioneros"]

1. d4 e6 2. Nf3 Nf6 3. e3 d5 4. c4 Nbd7 5. Nbd2 c5 6. cxd5 exd5 7. dxc5 Nxc5 8.
Be2 Bd6 9. O-O O-O 10. b3 Re8 11. Bb2 Nce4 12. Rc1 a6 13. Nxe4 dxe4 14. Nd2 Be6
15. Nc4 Bxc4 16. Rxc4 Qe7 17. Qa1 Rad8 18. Rd1 Bc5 19. Rdc1 Bb6 20. h3 Rd2 21.
Bf1 Nh5 22. R1c2 Rd7 23. Bd4 Bc7 24. Be2 Nf6 25. Qc1 Bb8 26. Rc8 Rdd8 27. Rxd8
Qxd8 28. g3 Nd5 29. Rc5 Nb4 30. Qc3 Nd5 31. Qb2 Nf6 32. Rf5 Re6 33. Bc4 Rd6 34.
a4 h5 35. h4 Bc7 36. Kg2 Bb6 37. Be5 Rd2 38. Qc3 Qd7 39. Rg5 Kf8 40. Qb4+ Kg8
41. Bxf6 1-0

[Event "Division Honor Aragonesa Grupo B"]
[Site "Aragon"]
[Date "2017.03.04"]
[Round "6.23"]
[White "Echarte Buil, Oscar"]
[Black "Gonzalez Gambau, Jorge"]
[Result "1-0"]
[WhiteElo "2111"]
[BlackElo "2105"]
[PlyCount "105"]
[EventDate "2017.01.28"]
[WhiteTeam "Palacio de Pioneros"]
[BlackTeam "Jaque"]

1. c4 c6 2. g3 d5 3. Bg2 Nf6 4. Nf3 Bf5 5. Qb3 Qb6 6. Qxb6 axb6 7. cxd5 cxd5 8.
d3 h6 9. Nc3 e6 10. Bf4 Be7 11. O-O O-O 12. Nb5 Na6 13. Nd6 Bh7 14. Nxb7 Ne8
15. Ne5 Ra7 16. Nd7 Rxb7 17. Nxf8 Kxf8 18. Rac1 Bd6 19. Rc8 Bxf4 20. gxf4 Nac7
21. e4 Ke7 22. exd5 exd5 23. Bxd5 Nxd5 24. Re1+ Kd6 25. Rcxe8 Bxd3 26. Rd1 Nxf4
27. Re4 g5 28. Rxf4 gxf4 29. Rxd3+ Ke5 30. Rh3 f6 31. Rxh6 Rg7+ 32. Kf1 Rc7 33.
Rh3 Ke4 34. Rc3 Rh7 35. Ke2 Rxh2 36. Rc4+ Kf5 37. Rb4 Kg4 38. Rxb6 Rh1 39. Rxf6
Rb1 40. Rg6+ Kf5 41. Rb6 Kg4 42. Rb4 Rc1 43. a4 Rc2+ 44. Ke1 Kf3 45. Rb3+ Ke4
46. f3+ Kd4 47. a5 Rc7 48. Kd2 Ra7 49. Rb5 Kc4 50. Rf5 Rd7+ 51. Kc2 Kb4 52. a6
Ra7 53. Rxf4+ 1-0

[Event "Division Honor Aragonesa Grupo B"]
[Site "Aragon"]
[Date "2017.03.04"]
[Round "6.24"]
[White "Uldemolins Nivela, Mateo"]
[Black "Dan, Teodor"]
[Result "0-1"]
[WhiteElo "1942"]
[BlackElo "2068"]
[PlyCount "42"]
[EventDate "2017.01.28"]
[WhiteTeam "Jaque"]
[BlackTeam "Palacio de Pioneros"]

1. e4 g6 2. d4 Bg7 3. Nc3 d6 4. Nf3 Nf6 5. Bc4 O-O 6. Bb3 c6 7. a4 d5 8. exd5
cxd5 9. O-O Nc6 10. h3 e6 11. Bf4 Ne4 12. Ne2 Na5 13. c3 Qb6 14. Nc1 Bd7 15.
Ne5 Rfd8 16. Qc2 Rac8 17. Rd1 Be8 18. Ba2 Nc6 19. Ncd3 Nxd4 20. Qb1 Ne2+ 21.
Kh2 Nxf4 0-1

[Event "Division Honor Aragonesa Grupo B"]
[Site "Aragon"]
[Date "2017.03.04"]
[Round "6.25"]
[White "Adla, Diego"]
[Black "Salamero Pelay, Fernando"]
[Result "1/2-1/2"]
[WhiteElo "2398"]
[BlackElo "2163"]
[PlyCount "57"]
[EventDate "2017.01.28"]
[WhiteTeam "St. Casablanca"]
[BlackTeam "Atletismo Huesca"]

1. c4 c5 2. Nc3 Nf6 3. g3 d5 4. cxd5 Nxd5 5. Bg2 Nc7 6. Nf3 Nc6 7. O-O g6 8. a3
Bg7 9. Rb1 O-O 10. d3 Bg4 11. Na4 b6 12. b4 cxb4 13. axb4 Nb5 14. Bb2 Qd7 15.
Bxg7 Kxg7 16. Qd2 Bh3 17. Bxh3 Qxh3 18. Nc3 Nbd4 19. Ne1 Ne5 20. f4 Ng4 21. e3
Rac8 22. Nd1 Nf5 23. Nf3 Rc2 24. Qxc2 Qxf1+ 25. Kxf1 Ngxe3+ 26. Nxe3 Nxe3+ 27.
Ke2 Nxc2 28. Rb2 Na3 29. b5 1/2-1/2

[Event "Division Honor Aragonesa Grupo B"]
[Site "Aragon"]
[Date "2017.03.04"]
[Round "6.26"]
[White "Gella Lopez, Angel"]
[Black "Glavina, Pablo"]
[Result "0-1"]
[WhiteElo "2101"]
[BlackElo "2391"]
[PlyCount "66"]
[EventDate "2017.01.28"]
[WhiteTeam "Atletismo Huesca"]
[BlackTeam "St. Casablanca"]

1. d4 Nf6 2. c4 e6 3. g3 d5 4. Nf3 dxc4 5. Bg2 c6 6. O-O b5 7. Ne5 Bb7 8. Nc3
Qc8 9. a4 a6 10. e4 Nbd7 11. f4 Be7 12. f5 c5 13. Nxf7 O-O 14. fxe6 cxd4 15.
exd7 Qc5 16. Nd5 Rxf7 17. Nxe7+ Rxe7 18. Rf5 Re5 19. Rxf6 gxf6 20. Qg4+ Kh8 21.
Bh6 d3+ 22. Kh1 Qe7 23. Rf1 Rg8 24. Qh4 Rg6 25. Bd2 Bc6 26. Bc3 Bxd7 27. Bxe5
Qxe5 28. axb5 axb5 29. Ra1 d2 30. Bf3 Bc6 31. Ra7 d1=Q+ 32. Bxd1 Bxe4+ 33. Bf3
Bxf3+ 0-1

[Event "Division Honor Aragonesa Grupo B"]
[Site "Aragon"]
[Date "2017.03.04"]
[Round "6.27"]
[White "Lopez Gracia, Fernando"]
[Black "Gella Bitrian, Diego"]
[Result "1/2-1/2"]
[WhiteElo "2302"]
[BlackElo "2000"]
[PlyCount "70"]
[EventDate "2017.01.28"]
[WhiteTeam "St. Casablanca"]
[BlackTeam "Atletismo Huesca"]

1. e4 c5 2. Nc3 d6 3. g3 Nc6 4. Bg2 g6 5. d3 Bg7 6. Be3 Nf6 7. h3 O-O 8. f4 Rb8
9. Nf3 b5 10. O-O b4 11. Ne2 Nd7 12. Rb1 Qa5 13. g4 Qxa2 14. b3 Qa5 15. f5 Nde5
16. Qd2 Nxf3+ 17. Rxf3 Nd4 18. Rf2 Nxe2+ 19. Qxe2 h6 20. g5 hxg5 21. Bxg5 Qd8
22. Kh1 Bd4 23. Be3 Kg7 24. Bxd4+ cxd4 25. fxg6 f6 26. h4 Rh8 27. h5 Qa5 28.
Bf3 Rb5 29. Rh2 Rh6 30. Qf2 Qb6 31. Rg1 Be6 32. Qe2 Qa6 33. Qf2 Qb6 34. Qe2 Qa6
35. Qf2 Qb6 1/2-1/2

[Event "Division Honor Aragonesa Grupo B"]
[Site "Aragon"]
[Date "2017.03.04"]
[Round "6.28"]
[White "Laplaza Ara, Carlos"]
[Black "Goni Navarro, Pablo"]
[Result "0-1"]
[WhiteElo "1957"]
[BlackElo "2135"]
[PlyCount "50"]
[EventDate "2017.01.28"]
[WhiteTeam "Atletismo Huesca"]
[BlackTeam "St. Casablanca"]

1. d4 d5 2. Nf3 c6 3. Bf4 Qb6 4. Qc1 Bf5 5. c3 Nf6 6. Nbd2 Nbd7 7. h3 e6 8. Nh4
Be4 9. Nxe4 dxe4 10. g3 Nd5 11. Ng2 Nxf4 12. Nxf4 e5 13. dxe5 Bc5 14. e3 Nxe5
15. Be2 O-O-O 16. O-O g5 17. Ng2 Nd3 18. Bxd3 exd3 19. Qd2 h5 20. e4 h4 21. g4
f6 22. Rad1 Rhe8 23. Rfe1 a5 24. Kf1 Qc7 25. Kg1 Qg3 0-1

[Event "Division Honor Aragonesa Grupo B"]
[Site "Aragon"]
[Date "2017.03.04"]
[Round "6.29"]
[White "Garza Marco, Sergio"]
[Black "Cebrian Valverde, Jose Antonio"]
[Result "1-0"]
[WhiteElo "2398"]
[BlackElo "2137"]
[PlyCount "65"]
[EventDate "2017.01.28"]
[WhiteTeam "Helios"]
[BlackTeam "San Jose"]

1. d4 d5 2. c4 e6 3. Nc3 Be7 4. cxd5 exd5 5. Bf4 c6 6. e3 Nf6 7. Bd3 O-O 8. h3
Re8 9. Qc2 g6 10. Nf3 Nh5 11. Bh2 Ng7 12. g4 Nd7 13. O-O-O Nf6 14. Ne5 Be6 15.
Kb1 Nd7 16. f4 f5 17. Rdg1 Rf8 18. Rg2 c5 19. gxf5 Bxf5 20. Nxd5 cxd4 21. exd4
Rc8 22. Qb3 Bxd3+ 23. Nxd3 Kh8 24. Qxb7 Rb8 25. Qc7 Qxc7 26. Nxc7 Bd6 27. Na6
Rb5 28. Rc1 Nf5 29. Nac5 Nf6 30. Bg1 Nd5 31. a4 Ra5 32. b4 Rb8 33. Rb2 1-0